Historia de la locura (Record no. 41583)

MARC details
000 -LEADER
campo de control de longitud fija 00524nam a2200157 i 4500
001 - NÚMERO DE CONTROL
campo de control 41583
003 - IDENTIFICADOR DE NÚMERO DE CONTROL
campo de control ES-MaACL
007 - CAMPO FIJO DE DESCRIPCIÓN FÍSICA--INFORMACIÓN GENERAL
campo de control de longitud fija t|
008 - DATOS DE LONGITUD FIJA--INFORMACIÓN GENERAL
campo de control de longitud fija 030311s1942 sp ||||1| spa d
100 1# - ENTRADA PRINCIPAL--NOMBRE DE PERSONA
Nombre de persona Cassinelli, Bruno.
9 (RLIN) 36356
245 10 - MENCIÓN DEL TÍTULO
Título Historia de la locura
Resto del título : = (Storia della pazzia) /
Mención de responsabilidad, etc. Bruno Cassinelli ; trad. del italiano por J. Noguín.
260 ## - PUBLICACIÓN, DISTRIBUCIÓN, ETC.
Lugar de publicación, distribución, etc. Barcelona :
Nombre del editor, distribuidor, etc. Iberia J. Gil,
Fecha de publicación, distribución, etc. [1942] (
Fabricante Talls. Gráfs. A. Núñez)
300 ## - DESCRIPCIÓN FÍSICA
Extensión 350 p. ;
Dimensiones 23 cm.
700 1# - ENTRADA AGREGADA--NOMBRE PERSONAL
Nombre de persona Noguín, J.
9 (RLIN) 85897
852 ## - LOCALIZACIÓN
Ubicación ES-MaACL
Número de control de estantería B-9824
Sublocalización o colección R.19543
Holdings
Estatus retirado Estado de pérdida Estado de daño No para préstamo Biblioteca de origen Biblioteca actual Ubicación en estantería Fecha de adquisición Fuente de adquisición Total de préstamos Signatura topográfica completa Código de barras Visto por última vez Precio de reemplazo Tipo de ítem Koha
        Biblioteca del Ateneo de Madrid Biblioteca del Ateneo de Madrid Sala Pardo Bazán 17/01/2008     B-9824 1043777 23/02/2023 23/02/2023 Libro impreso